Largest Countries in NATO - Statistics

General Stats
  • This quiz has been taken 133 times
  • The average score is 9 of 10
Answer Stats
Area (km²) Country Area (mi²) % Correct
9,984,670 Canada 3,855,103
98%
9,833,520 United States 3,796,743
98%
357,022 Germany 137,847
96%
243,610 United Kingdom 94,058
95%
643,427 France 248,429
94%
505,370 Spain 195,124
91%
301,340 Italy 116,348
86%
312,685 Poland 120,728
79%
323,802 Norway 125,021
69%
783,562 Turkey 302,535
64%
No matching quizzes found
Score Distribution
Percent of People with Each Score
Percentile by Number Answered
Your Score History
You have not taken this quiz